00750pam a2200241 a 4500001000800000005001700008008004100025010001700066020001500083040002300098041000800121060001700129080001400146082001800160100000700178101000800185245007700193504005100270906004500321942001200366999001700378952011300395198325820180302033309.0891103s1990 mnua b 001 0 eng c a 89070429  a0314579362 aDNLM/DLCcDLCdDLC aeng aQU 145 H943a a612.3 HUN00a612.3 HUN2201 a10 aNUT10aAdvanced nutrition and human metabolism /cSara M. Hunt, James L. Groff. aIncludes bibliographical references and index. a7bcbccorignewd1eopcnf19gy-gencatlg 2ddccBK c43919d43919 00102udc40708PËKGa002b002cPËKGd2018-03-02l0o612.3 HUNp002-3000511r2018-03-02w2018-03-02yBK